<?xml version="1.0" encoding="UTF-8"?>
<marc:record xmlns:marc="http://www.loc.gov/MARC21/slim">
   <marc:leader>00000nam a2200000 a 4500</marc:leader>
   <marc:datafield ind1="1" ind2=" " tag="100">
      <marc:subfield code="a">Safier, David</marc:subfield>
      <marc:subfield code="4">aut</marc:subfield>
      <marc:subfield code="e">Verfasser/-in</marc:subfield>
   </marc:datafield>
   <marc:datafield ind1="0" ind2="0" tag="245">
      <marc:subfield code="a">Happy Family</marc:subfield>
   </marc:datafield>
   <marc:datafield ind1="0" ind2="0" tag="245">
      <marc:subfield code="b">Roman</marc:subfield>
   </marc:datafield>
   <marc:datafield ind1=" " ind2="1" tag="264">
      <marc:subfield code="b">Kindler</marc:subfield>
      <marc:subfield code="c">2011</marc:subfield>
   </marc:datafield>
   <marc:datafield ind1="1" ind2=" " tag="520">
      <marc:subfield code="a">Familie Wünschmann ist nicht happy. Und als ob das noch nicht genügen würde, werden die Wünschmanns nach einem Kostümfest auch noch von einer Hexe verzaubert: plötzlich sind sie Vampir, Frankensteins Monster, Mumie und Werwolf. Gemeinsam jagen die frischgebackenen Monster nun um den halben Erdball der Hexe hinterher, damit diese den Fluch wieder rückgängig macht. </marc:subfield>
   </marc:datafield>
   <marc:datafield ind1=" " ind2=" " tag="020">
      <marc:subfield code="a">9783463406183</marc:subfield>
      <marc:subfield code="9">9783463406183</marc:subfield>
   </marc:datafield>
</marc:record>
